1687 1672 1668 1930 1675 1357 1875 1546 1227 1489 1357 1123 1666 1007 1380 1316 1082 1117 1503 1662 1615 1095 1287 1042 1927 1793 1635 1529 1157 1769 1698 1605 1073 1531 1769 1754 1211 1873 1492 1013 1447 1703 1723 1382 1769 1417 1236 1246 1743 1886 1971 1895 1489 1680 1682 1400 1499 1210 1335 1100 1744 1570 1539 1289 1594 1793 1815 1745 1454 1285 1117 1264 1788 1838 1066 1227 1456 1790 1614 1276 1253 1772 1755 1372 1941 1344 1342 1675 1083 1253 1452 1961 1278 1903 1829 1099 1247 1150 1387 BCNSPRNW ULIB Ver.6.0+V

เปลี่ยนเป็นภาษาไทย

Change to English
 แสดงรายละเอียดบรรณานุกรม
  กลับหน้าหลัก

Brief Record : Get Marc (ISO 2709) : E-mail record : QR code < ปิดหน้าต่าง
LEADER : 00000nam 2200000uu 4500
001    13399124509
003     ULIB
008    150817s2556 th a 000 0 tha d
020    9789749804261
020    9789749804260
090    นว.^bล158ส ล.9
100    ล่อร่า อิงกัลล์ส์ ไวล์เดอร์;^eผู้แต่ง
245    สี่ปีแรก/^cล่อร่า อิงกัลล์ส์ ไวล์เดอร์. ; เขียน ,สุคนธรส. ; แปล
250    พิมพ์ครั้งที่ 8
260    กรุงเทพฯ :^bแพรวเยาวชน,^c2556
300    117 หน้า;^b18.5 ซม.
500    หนังสือชุดบ้านเล็ก
700    สุคนธรส ;^eแปล
945    ^p85^l0^i039780
999    ^aทศพร
รายการนี้ยังไม่มีแท็ก
คุณยังไม่ได้ล็อกอิน คุณสามารถมีกิจกรรมร่วมกับเว็บไซต์ได้ แต่ต้องล็อกอินก่อน ::
  ล็อกอิน

รายการสื่อสารสนเทศ

ลำดับที่ ประเภท เลขเรียก/บาร์โค้ด สถานที่ สถานะ
1. นวนิยาย
นวนิยาย
นว. ล158ส ล.9 ฉ.1 
  Barcode: 039780
ห้องสมุดวิทยาเขตสวรรค์ประชารักษ์
►นวนิยาย
บนชั้น
  ขอยืม

BibComment


ยังไม่เคยถูกคอมเมนท์

คอมเมนท์ทรัพยากรรายการนี้
  คอมเมนท์: สี่ปีแรก ล่อร่า อ..


 Copyright 2026. Bcnsprnw @Library